00586 2200193 4500001002100000005001500021035002000036007000300056008003900059082000700098084001300105100002200118245014500140250001000285260004600295300002400341600001200365990001500377INLIS00000000000989220260417085415 a0010-0426000270ta260417 | | |  a51 a51 LUZ p0 aLUZI CLAUDIA ATIQ1 aPENILAIAN TINGKAT KERUSAKAN RUNWAY DENGAN METODE PCI (PAVEMENT CONDITION INDEX) PADA BANDARA TJILIK RIWUT PALANGKA RAYA /cLUZI CLAUDIA ATIQ aCet 1 aPalangka Raya :bPerpustakaan UMPR,c2024 aiv, 36 hlm :bilus. 4aSKRIPSI a1751018412